000 00308nam a2200109Ia 4500
008 220204s9999 xx 000 0 und d
082 _a698.12
_bGOO
100 _aGoodier, J H
245 0 _aPainting and decorating: A guide for houseowner and decorator
260 _aGreat Britain
_bG Godwin
_c1977
942 _cBK
999 _c31337
_d31337